Call to total consecration / (Record n. 2)
[ formato base ]
| 000 -LEADER | |
|---|---|
| fixed length control field | 01977cam a2200241 i 4500 |
| 001 - CONTROL NUMBER | |
| control field | 1262812 |
| 003 - CONTROL NUMBER IDENTIFIER | |
| control field | OSt |
| 005 - DATE AND TIME OF LATEST TRANSACTION | |
| control field | 20220918175246.0 |
| 008 - FIXED-LENGTH DATA ELEMENTS--GENERAL INFORMATION | |
| fixed length control field | 741009s1974 mau 000 0 eng |
| 010 ## - LIBRARY OF CONGRESS CONTROL NUMBER | |
| LC control number | 74079804 |
| 020 ## - INTERNATIONAL STANDARD BOOK NUMBER | |
| Terms of availability | $2.50 |
| 040 ## - CATALOGING SOURCE | |
| Original cataloging agency | DLC |
| Transcribing agency | DLC |
| Modifying agency | DLC |
| 050 00 - LIBRARY OF CONGRESS CALL NUMBER | |
| Classification number | BX2435 |
| Item number | .A397 1974 |
| 082 00 - DEWEY DECIMAL CLASSIFICATION NUMBER | |
| Classification number | 248/.894 |
| 100 1# - MAIN ENTRY--PERSONAL NAME | |
| Personal name | Alberione, James, |
| Dates associated with a name | 1884-1971. |
| 9 (RLIN) | 48 |
| 245 10 - TITLE STATEMENT | |
| Title | Call to total consecration / |
| Statement of responsibility, etc. | James Alberione. |
| 260 ## - PUBLICATION, DISTRIBUTION, ETC. (IMPRINT) | |
| Place of publication, distribution, etc. | Boston : |
| Name of publisher, distributor, etc. | St. Paul Editions, |
| Date of publication, distribution, etc. | 1974. |
| 300 ## - PHYSICAL DESCRIPTION | |
| Extent | 94 p. ; |
| Dimensions | 19 cm. |
| 500 ## - GENERAL NOTE | |
| General note | NOTA INTRODUTTIVA ALLA EDIZIONE ITALIANA DI RICCARDO DOTTORI. TRA FENOMENOLOGIA E DIALETTICA: PROBLEMA DELLA STORIA NELLA FILOSOFIA TEDESCA CONTEMPORANEA (1943), LIMITI DELLA RAGIONE STORICA (1949), VERITA' NELLE SCIENZE UMANE (1953), DEL CIRCOLO DELL'INTENDERE (1959), NATURA DELLA COSA E LINGUAGGIO DEGLI OGGETTI (1960), INTENDIMENTO E GIOCO, CONTRIBUTO ERMENEUTICO SULLA QUESTIONE DELLA DEMITIZZAZIONE (1961), CONTINUITA' DELLA STORIA E L'ATTIMO DI ESISTENZA (1965), ERMENEUTICA NELLA FILOSOFIA CONTEMPORANEA (1969). DIELTTICA ER ERMENEUTICA: UOMO E LINGUAGGIO (1966), SEMENATICA ED ERMENEUTICA (1968), STORIA DEI CONCETTI COME FILOSOFIA (1970), LINGUAGGIO E COMPRENSIONE(1970), FINO A CHE PUNTO IL LINGUAGGIO PREFORMA IL PENSIERO? (1971), INCAPACITA' DEL COMUNICARE (1972), SOGGETTIVITA' E INTERSOGGETTIVITA' SOGGETTO EPERSONA (1975), FENOMENOLOGIA ERMENEUTICA METAFISICA (1983). ERMENEUTICA EFILOSOFIA PRATICA. ERMENEUTICA E DECOSTRUZIONISMO: TESTO E INTERPRETAZIONE(1985), DISTRUZIONE E DECOSTRUZIONE (1985), TESTO EMINENTE E SUA VERITA' (1986), ERMENEUTICA SULLE TRACCE (1994). ERMENEUTICA NEL DIBATTITO FILOSOFICO CONTEMPORANEO: ERMENEUTICA E STORICISMO, NATURA E METODO, STORIA DELL'UNIVERSO E STORICITA' DELL'UOMO. AUTOINTERPRETAZIONE: AUTOESPOSIZIONE (1975), AUTOCRITICA (1985). BIBLIOGRAFIA. INDICE DEGLI ARGOMENTI. |
| 650 #0 - SUBJECT ADDED ENTRY--TOPICAL TERM | |
| Topical term or geographic name as entry element | Monastic and religious life. |
| 9 (RLIN) | 49 |
| 906 ## - LOCAL DATA ELEMENT F, LDF (RLIN) | |
| a | 7 |
| b | cbc |
| c | orignew |
| d | 2 |
| e | opcn |
| f | 19 |
| g | y-gencatlg |
| 942 ## - ADDED ENTRY ELEMENTS (KOHA) | |
| Source of classification or shelving scheme | Dewey Decimal Classification |
| Koha item type | LIBRO |
| Withdrawn status | Lost status | Source of classification or shelving scheme | Damaged status | Not for loan | Home library | Current library | Shelving location | Date acquired | Inventory number | Total Checkouts | Full call number | Date last seen | Copy number | Price effective from | Koha item type | Public note |
|---|---|---|---|---|---|---|---|---|---|---|---|---|---|---|---|---|
| Dewey Decimal Classification | Buone Condizioni | Not For Loan | PAULUS-BIBLIOTECA | PAULUS-BIBLIOTECA | Book Cart | 18/03/2012 | prova2 | prova 1 | 18/03/2012 | 3 | 18/03/2012 | LIBRO | attenzione l'ho scaricato da internet non è in biblio se non dopo controllo |